[Event "Mario Covas 3rd"]
[Site "Santos"]
[Date "2003.04.25"]
[Round "5"]
[White "Morovic Fernandez, Ivan"]
[Black "Rodriguez Vila, Andres"]
[Result "1/2-1/2"]
[WhiteElo "2551"]
[BlackElo "2479"]
[Annotator "Roiz,M"]
[PlyCount "54"]
[EventDate "2003.04.22"]
[EventType "tourn"]
[EventRounds "10"]
[EventCountry "BRA"]
[EventCategory "12"]
[SourceTitle "CBM 095"]
[Source "ChessBase"]
[SourceDate "2003.07.25"]
[SourceVersion "1"]
[SourceVersionDate "2003.07.25"]
[SourceQuality "1"]

1. d4 e6 2. c4 Bb4+ 3. Nc3 f5 4. e3 Nf6 {This system is not very popular
nowdays. The main strategical idea of black is controlling the central square
e4.} 5. Nge2 ({Another ways of development are:} 5. Bd2 O-O 6. Bd3) (5. Qc2) ({
and} 5. Bd3 Bxc3+ 6. bxc3) 5... O-O (5... b6 6. a3 Bxc3+ (6... Bd6 $5 7. g3 Bb7
8. d5 Na6 9. Bg2 Nc5 10. O-O O-O 11. b4 Nce4 12. Nxe4 Nxe4 13. Bb2 Qe7 14. Qd3
exd5 15. cxd5 a5 16. b5 Rae8 $11 {1/2-1/2 Aleksandrov,A-Gulko,B/FIDE World
Cup-A 2000}) 7. Nxc3 Bb7 8. f3 O-O 9. Bd3 d6 10. O-O Nbd7 11. b3 Nh5 12. Qc2 g6
13. Bb2 a6 14. Rae1 $14 {1-0 Ivanisevic,I-Maksimovic,M/JUG-chT 1998}) 6. a3 {
The most natural continuation. But white can also try to finish the
development without it.} (6. g3 $5 {(this is a favourite move of GM Vladimir
Epishin)} d6 (6... Be7 7. Bg2 (7. d5 $1 {Roiz,M}) 7... d5 8. O-O c6 9. Qc2 Bd6
10. a3 (10. b3 Ne4 11. Bb2 {Roiz,M}) 10... Ne4 11. f3 Nxc3 12. bxc3 Nd7 13. a4
b6 14. e4 Ba6 15. e5 Bc7 16. cxd5 cxd5 17. Ba3 Rf7 18. Rfb1 Qe8 19. Nf4 Rc8 20.
Bf1 {1/2-1/2 Epishin,V-Dolmatov,S/RUS-ch51 St Petersburg 1998}) (6... d5 7. Bg2
c6 8. O-O Qe7 9. Qc2 Bd6 (9... Nbd7 10. a3 Bd6 11. cxd5 cxd5 12. Nb5 Nb8 13.
Bd2 Nc6 14. Nxd6 Qxd6 15. Rfc1 Bd7 16. Be1 Rfc8 17. Qd1 b6 18. Nf4 $14 {
1/2-1/2 Giorgadze,G-Cvorovic,D/Solin 1998}) 10. Bd2 Na6 11. a3 Bd7 12. b4 Rac8
13. Rad1 (13. c5 Bb8 14. f4 $14 {[%cal Gf1b1,Ga3a4,Gb4b5]}) 13... b5 14. c5 Bb8
15. f3 e5 16. e4 fxe4 17. fxe4 exd4 18. Nxd4 Be5 19. Bf4 $14 {1/2-1/2 Epishin,
V-Balashov,Y/Bundesliga 9798 1998}) 7. Bg2 c6 (7... e5 $5) 8. O-O Qe7 9. Bd2 e5
10. Nd5 Nxd5 11. Bxd5+ cxd5 12. Bxb4 Na6 13. Ba3 e4 14. c5 dxc5 15. dxc5 $16 {
[%csl Rd4,Rd5][%cal Ge2d4] 1-0 Epishin,V-Kritz,L/Neckar op 6th 2002}) 6... Be7
7. g3 ({There are several alternatives:} 7. Ng3 d5 8. Bd3 c6 9. f3 b6 10. O-O
g6 {[%cal Gc8a6]} 11. Nge2 {[%cal Ge3e4]} Bd6 12. b4 a5 13. b5 c5 14. dxc5 bxc5
15. Nf4 Bxf4 $6 (15... d4 16. Nce2 e5 $132) 16. exf4 d4 17. Na4 Qd6 18. Ra2
Nbd7 19. Re2 $14 {1/2-1/2 Obukhov,A-Poluljahov,A/Krasnodar 1991}) (7. Nf4 d6 (
7... c6 $5 {Roiz,M} 8. Bd3 d5 9. O-O Bd6 {[%cal Gd8e7,Gb7b6]}) (7... d5) 8. Be2
c6 (8... e5 $5 {Roiz,M} 9. Nfd5 Nxd5 10. Nxd5 Bg5) 9. O-O Qc7 (9... e5 10. Nd3
Nbd7 11. b4 $14) 10. b4 e5 11. Nh5 Nxh5 12. Bxh5 Nd7 13. Bb2 Nf6 14. Be2 Be6
15. Rc1 $14 {1-0 Larsen,B-Karlsson,L/Esbjerg 1988}) 7... d5 {Black chooses the
''stone-wall'' pawn structure. This structure seems to be the most solid-white
pieces are not ready to fight for the key square e5.} (7... d6 8. Bg2 e5 9. O-O
c6 10. e4 $6 (10. d5 $5 {Roiz,M} c5 (10... e4 11. f3 exf3 12. Bxf3 $14 {
[%cal Ge2d4,Ge2f4]}) 11. e4 fxe4 12. Nxe4 Nxe4 13. Bxe4 $14) (10. b4 $5 e4 11.
Qb3 Kh8 (11... Be6 12. d5 Bf7 13. Nd4 $36) 12. Bb2 (12. f3)) 10... fxe4 11.
dxe5 dxe5 12. Qxd8 Rxd8 13. Nxe4 Nxe4 14. Bxe4 Be6 15. b3 Na6 16. Be3 Bc5 17.
Bg5 Rd7 18. Kg2 h6 19. Bc1 Rad8 $15 {1/2-1/2 Giorgadze,G-Prusikhin,M/Hanz &
Lenzem 1998}) 8. Bg2 $146 (8. b3 c6 9. Bg2 Ne4 10. O-O Nd7 11. Bb2 Bd6 12. f3
Nxc3 13. Bxc3 (13. Nxc3 $5 dxc4 14. bxc4 e5 15. Qb3) 13... dxc4 14. bxc4 e5 15.
Qd2 exd4 16. exd4 Nf6 17. Nf4 Qc7 18. Rfe1 Bxf4 19. gxf4 Qf7 20. d5 cxd5 21.
Bxf6 Qxf6 22. Qxd5+ Kh8 $132 {0-1 Fries Nielsen,J-Djurhuus,R/Peer Gynt 1992})
8... c6 9. Qd3 {In my opinion, white cannot fight for the opening advantage
after this move because the queen is not in place here. Actually, the only
active plan for white in this position is f2-f3 and e3-e4, but black is
prepared well for it.} (9. O-O Bd6 (9... dxc4 10. e4 (10. a4 $5 Nd5 11. b3 cxb3
12. Qxb3 $44 {[%cal Gc1a3]}) 10... fxe4 11. Nxe4 b5 $13) 10. b3 Qe7 11. Bb2
Nbd7 $11 {[%cal Gb7b6]}) 9... Qb6 $6 {[%csl Rb3][%cal Gb6b3] This desicion
seems to be dubious. Black should finish development before starting any
active operations.} (9... b6 10. O-O Ba6 11. b3 Ne4 {[%cal Ge4d6]} 12. Qc2 Bd6
13. Bb2 Nd7 $11) 10. b4 (10. O-O $6 Qb3 $1 11. cxd5 (11. c5 b6 12. cxb6 axb6
$15) 11... exd5 $15) 10... Qa6 (10... a5 11. b5 $1 (11. c5 Qc7 12. b5 b6 13.
cxb6 Qxb6) 11... dxc4 12. Qxc4 cxb5 13. Qxb5 Qxb5 14. Nxb5 $14) 11. b5 ({after
} 11. Bb2 $6 Qxc4 12. Qxc4 dxc4 {white has to prove that his compensation is
sufficient.}) 11... cxb5 12. cxd5 $2 {A very strange decision. White is going
to fight for sufficient compensation for a pawn!} (12. cxb5 $142 Qa5 (12... Qb6
13. a4 $1 {[%cal Ga4a5]} a6 14. a5 Qd8 15. b6 $14) 13. Bd2 Qd8 14. a4 (14. O-O
Nbd7 $11 {[%csl Rc4][%cal Gd7b6,Gb6c4]}) 14... a5 (14... Nbd7 15. a5 $14) 15.
O-O Nbd7 16. f3 Nb6 17. e4 $14) 12... b4 $1 13. Qxa6 Nxa6 14. axb4 Nxb4 15. O-O
Nbxd5 {Now white has to play very energetically, otherwise black may
coordinate his pieces by Bd7,a6 etc.} (15... Nfxd5 16. Nxd5 Nxd5 {-15...Nbxd5})
16. Nxd5 Nxd5 (16... exd5 $6 17. Nf4 Rd8 18. Ra5 $1 {[%csl Rd5]}) 17. Ba3 Bxa3
(17... Re8 18. Rfc1 (18. Bxe7 $6 Rxe7 19. Bxd5 exd5 20. Nf4 Rd7 21. Ra5 (21.
Rfc1 b6) 21... b6 22. Rxd5 Rxd5 23. Nxd5 Kf8 $17 {[%cal Gc8b7]}) 18... Bf6 19.
Nf4 Nxf4 20. gxf4 $44) 18. Rxa3 Bd7 (18... a5 $5 19. Rb1 {[%cal Gb1b5]} Rd8 20.
Nf4 (20. Nc3 Nxc3 21. Rxc3 a4 22. Ra3 Ra7 23. Rb4 Bd7) 20... Nxf4 21. gxf4 Ra7
22. Rb5 a4 23. Rb4 Bd7 24. Rxb7 Rxb7 25. Bxb7 Rb8 26. Bf3 Rb3 27. Ra1 Bb5 $15)
19. Nf4 Nxf4 20. gxf4 Bc6 $6 {After this move white is out of danger.} (20...
a5 21. Bxb7 Ra7 22. Bf3 Rb8 $15 {in this position black can try to win without
any risk.}) 21. Bxc6 bxc6 22. Ra6 $11 {Now black pawns are too weak and the
only possible result of this game is a draw.} Rfc8 23. Rb1 Rc7 24. Kf1 Kf7 25.
Ke2 {[%cal Ge2d3,Gd3c4,Gc4c5]} Rd8 (25... Ke7 26. Kd3 Kd6 27. Kc4 {and black
cannot improve his position.}) 26. Rba1 Rdd7 27. Rc1 Rd6 1/2-1/2

[Event "ARM-ch"]
[Site "Yerevan"]
[Date "2005.04.30"]
[Round "2"]
[White "Sargissian, Gabriel"]
[Black "Minasian, Ara"]
[Result "1-0"]
[WhiteElo "2630"]
[BlackElo "2510"]
[Annotator "Roiz,M"]
[PlyCount "75"]
[EventDate "2005.04.29"]
[EventType "tourn"]
[EventRounds "11"]
[EventCountry "ARM"]
[EventCategory "11"]
[SourceTitle "CBM 107"]
[Source "ChessBase"]
[SourceDate "2005.08.01"]
[SourceVersion "1"]
[SourceVersionDate "2005.08.01"]
[SourceQuality "1"]

1. d4 f5 2. c4 Nf6 3. Nc3 g6 4. f3 {An agressive system-white avoids the main
theoretical lines which arise after 4.g3 Bg7 5.Bg2 0-0 6.Nf3 d6 7.0-0 and
intends to seize a centre after 5.e4. However, White's pieces are not
developed yet, so that is a doubled-edged play.} Nc6 $5 {Quite a rare, but
very interesting reply! Black is ready to meet 5.e4 with 5...e5 and provokes
the advance of Pd5.} ({The main continuations are:} 4... d6) ({and} 4... Bg7)
5. d5 {White seizes more space, but later Black could easily attack the Pd5 by
c7-c6.} ({Another principal continuation is:} 5. e4 fxe4 6. fxe4 e5 7. d5 (7.
dxe5 Nxe5 8. Nf3 Nxf3+ 9. Qxf3 Bd6 10. c5 Be5 11. Bf4 Qe7 12. Bxe5 Qxe5 13. Bc4
Rf8 14. O-O c6 15. Kh1 b6 16. Nd5 $36 {1/2-1/2 Ivanisevic,I-Markovic,I/Niksic
1997/CBM 59 ext (49)}) 7... Nd4 8. Nf3 Bc5 9. Bg5 h6 10. Bh4 g5 11. Bf2 Nxf3+
12. Qxf3 Bxf2+ 13. Qxf2 d6 14. Be2 Qe7 15. h4 g4 16. Qe3 $14 {1-0 Kortschnoj,
V-Miton,K/Krynica 1998/EXT 99 (49)}) 5... Ne5 6. f4 $146 {This ambitious and
natural move is new according to my database - White forces black's knight to
leave an excellent central square. At the same time, the weakness of the
square e4 might be significant in future.} (6. b3 Bg7 7. Bb2 d6 8. Nh3 c6 9.
Qd2 cxd5 10. cxd5 O-O 11. e3 a6 12. Be2 b5 $132 {1/2-1/2 Foisor,C-Lagvilava,G/
Istanbul 2000/EXT 2001 (62)}) 6... Nf7 (6... Nxc4 $6 7. e4 Nb6 8. e5 $36) 7.
Nf3 Bg7 8. g3 {I can hardly recommend a better way of development of Bf1,since
e2-e3 doesn't makes sense as well.} ({Interesting was also the immediate} 8.
Be3 $5) 8... c6 {A typical play against white's set-up.} 9. Be3 {Taking
control of the important diagonal g1-a7.} ({The natural} 9. Bg2 {could be met
by:} Qb6 {[%cal Yb6g1] and White is the side who has to equalize here.}) 9...
Nd6 10. Qd3 (10. Qb3 cxd5 11. cxd5 b6 12. Bd4 Ba6 $132) 10... Nde4 {Now the
drawback of White's 6th move becomes obvious - the position of Black's knight
at e4 is quite unpleasant for White.} 11. Bg2 Qa5 {Black wants to create
doubled pawns in White's camp.} ({Good enough was also:} 11... Nxc3 12. Qxc3 (
12. bxc3 O-O 13. O-O Qc7 $132) 12... O-O 13. Qb3 cxd5 14. cxd5 Qa5+ 15. Nd2 d6
$11) 12. Nd2 (12. dxc6 $6 bxc6 $15) 12... O-O $2 {There was no reason for that
sacrifice, since Black hasn't completed his development yet.} ({More logical
would be:} 12... Nxc3 13. bxc3 O-O 14. O-O Qc7 $132 {[%csl Rc3,Rc4][%cal Gd7d6]
Black has a somewhat passive,but quite solid position, while White's doubled
pawns c3 and c4 are very weak.}) 13. Bxe4 $1 {Exchanging Black's most active
pieces.} ({Nothing special promises:} 13. Nb3 $143 Qb4 14. O-O b6 $1 {[%cal
Gc8a6]} 15. dxc6 (15. Nxe4 fxe4 16. Bxe4 Nxe4 17. Qxe4 Bb7 $132 {[%csl Gb7,Rg1]
}) 15... dxc6 16. Nxe4 Nxe4 17. Bxe4 fxe4 18. Qxe4 Bh3 $132) 13... fxe4 14.
Ndxe4 Nxe4 15. Qxe4 Qb4 {That was the point of the sacrifice - now White
cannot hold the extra pawn. However, Black remains with the clear strategical
drawbacks of his position.} (15... Bxc3+ $2 16. bxc3 Qxc3+ 17. Kf2 $16 {
[%csl Rg8]}) 16. Bd4 (16. O-O Qxb2 17. Bd4) 16... Qxc4 (16... Bxd4 17. Qxd4
Qxb2 18. Rb1 Qa3 19. O-O $16) 17. Bxg7 $6 {A strange decision - White should
keep the queens on the board in order to exploit the weakness of Black's
monarch!} ({There was nothing bad with a simple:} 17. Rd1 $142 d6 (17... c5 18.
Bxg7 Qxe4 19. Nxe4 Kxg7 20. Nxc5 $16) 18. Qe3 Bxd4 19. Rxd4 Qc5 20. O-O $16)
17... Qxe4 18. Nxe4 Kxg7 19. d6 $1 {That is the only way to fight for
advantage - otherwise Black may just completes his development by 19...d6, 20..
.Bd7.} (19. Nc3 d6 $11) 19... e6 ({Of course not:} 19... Re8 $2 20. dxe7 Rxe7
21. Nd6 $16 {[%cal Ge2e4,Ge4e5] with a full domination of white.}) 20. Nc5 $6 {
Overlloking Black's strong reply!} ({A correct realisation of the same idea
would be:} 20. Ng5 b6 21. Nf3 c5 22. Ne5 Bb7 23. Rf1 Rad8 24. Kd2 $14 {[%csl
Rd7,Ge5]}) 20... e5 $1 {An excellent resource - Black doesn't allows White to
deliver his knight and to fix the weak Pd7!} 21. fxe5 b6 {Now the Nc5 has no
good perspectives.} 22. Nd3 Ba6 23. Nf4 $6 {This ambitious move could causes
White serious problems.} (23. e6 $2 Bxd3 24. e7 Rf6 25. exd3 Rxd6 26. Kd2 Re8
27. Rae1 Kf7 28. Rhf1+ Rf6 $17) ({It was the right moment for the accurate:} 
23. Kd2 $142 Rae8 24. Nb4 Bb7 (24... Bc4 25. b3 Be6 26. Nd3 Bf5 27. Rhe1 Bxd3
28. exd3 Rf2+ 29. Kc3 Rxh2 30. d4 $132) 25. Nd3 Ba6 $11) 23... Rf5 24. e6 Re5
$4 {A terrible mistake which leads to a quick disaster.} ({At the same time,
after the correct:} 24... g5 $142 25. Nh3 (25. Nh5+ Kg6 26. g4 Re5 $17) 25...
Re5 26. exd7 (26. e7 Rxe2+ 27. Kd1 Re8 $15) 26... Rd8 (26... Rxe2+ 27. Kd1 Rd8
28. Re1 Rxb2 29. Re7+ Kf6 30. Ke1 Rxh2 31. Nf2 $15) 27. O-O-O Rxd7 $15 {
Black is clearly better.}) 25. e7 $18 {Now the strong Pe7 decides the game.}
Bc4 ({Hopeless was also:} 25... g5 26. Nh5+ Kg6 27. O-O $1 Kxh5 28. Rf8 Rc8 29.
Raf1 Rxe2 30. Rxc8 Bxc8 31. Rf8 Ba6 32. e8=Q+ Rxe8 33. Rxe8 $18) 26. O-O Bf7
27. h4 {Now white is just a pawn up,while black's pieces are paralized by the
Pe7.} h6 28. Rf2 g5 29. hxg5 hxg5 30. Nd3 Rd5 ({or} 30... Re6 31. Raf1 Be8 32.
Rf8 Rxd6 33. R1f5 Rd5 34. Rxd5 cxd5 35. Kf2 $18) 31. Raf1 {Preparing a
decisive penetration of the rooks.} Be8 32. Rf6 c5 33. R1f5 {Echanging Black's
only active piece.} Rc8 34. Rf8 Rxf5 35. Rxf5 Bg6 (35... c4 36. Ne5 b5 37. Rf8
b4 38. Nxc4 $18) 36. Rxg5 Kf6 37. Rxg6+ $1 {The final nice blow.} Kxg6 38. Ne5+
(38. Ne5+ Kf5 39. Nxd7 Ke6 40. Nf6 Kxf6 41. d7 $18) 1-0

[Event "EU-ch 4th"]
[Site "Istanbul"]
[Date "2003.06.12"]
[Round "12"]
[White "Beliavsky, Alexander G"]
[Black "Timofeev, Artyom"]
[Result "1/2-1/2"]
[WhiteElo "2649"]
[BlackElo "2577"]
[Annotator "Roiz,M"]
[PlyCount "60"]
[EventDate "2003.05.30"]
[EventType "swiss"]
[EventRounds "13"]
[EventCountry "TUR"]
[SourceTitle "CBM 096"]
[Source "ChessBase"]
[SourceDate "2003.09.25"]
[SourceVersion "1"]
[SourceVersionDate "2003.09.25"]
[SourceQuality "1"]

1. d4 d5 2. c4 e6 3. Nc3 c6 4. e3 {The main idea of this order of moves is to
avoid complicated lines after 4...f5 5.g4!?} Bd6 5. Bd3 f5 6. f4 {That move
leads to a very close position with some space advantage of white.} ({Another
options are:} 6. Qc2 Nf6 (6... a6 $5 {[%cal Ya6b5]} 7. Nge2 Nf6 8. f3 O-O 9.
Bd2 b6 10. O-O-O Kh8 11. e4 fxe4 12. fxe4 dxc4 13. Bxc4 e5 14. Rhf1 b5 15. Bb3
Qe7 $132 {1/2-1/2 Kosyrev,V-Grischuk,A/RUS Cup final 4th 2000}) 7. Nge2 (7.
cxd5 cxd5 8. Nb5 Nc6 9. Nxd6+ Qxd6 10. a3 O-O 11. Ne2 Bd7 12. f3 Rac8 13. Qd1
Na5 14. b3 Qb6 15. Rb1 Bb5 $11 {1-0 Sturua,Z-Poluljahov,A/EUCup Gr5 Pula 1999})
(7. f3 O-O 8. Bd2 Qe7 9. O-O-O dxc4 10. Bxc4 b5 11. Bd3 Na6 12. Qb3 Kh8 $132 {
[%cal Ge6e5] 0-1 Romanov,O-Malakhov,V/Minsk op 1997}) 7... O-O 8. cxd5 (8. f3
dxc4 9. Bxc4 b5 10. Bb3 Kh8 11. Bd2 a5 12. a3 e5 $132 {1/2-1/2 Kosyrev,
V-Sveshnikov,E/RUS-Cup Minsk 2000}) 8... cxd5 9. Nb5 Nc6 10. Nxd6 Nb4 $1 11.
Qb3 Nxd3+ 12. Qxd3 Qxd6 13. Bd2 a5 14. Nf4 b6 $15 {[%cal Gc8a6] 0-1
Dragomarezkij,E-Malakhov,V/Moscow-ch 2002}) (6. Nf3 Nf6 {-A85.}) 6... Nf6 7.
Nf3 O-O 8. O-O {In this type of positions black has 2 different plans of
development: 1) the most popular plan is to play b7-b6 and to put the bishop
on b7.In that way black can sometimes equalize by c6-c5. 2) the second way of
development is Bc8-d7-e8.} Ne4 {[%cal Gb8d7] Protecting on the f5 pawn and
preparing 10...Nd7.Later black can either play Ndf6 and Bd7 or b7-b6.} ({
The traditional method of development seems to be more solid:} 8... b6 9. Qe2
Ba6 (9... Bb7 10. Bd2 Ne4 11. Rac1 a6 12. cxd5 cxd5 13. Ne5 Nd7 $11 {1-0
Bareev,E-Lautier,J/Enghien les Bains 2001}) 10. Ne5 Ne4 11. Rd1 Bxe5 12. fxe5
Nd7 13. Bd2 Kh8 14. Be1 Rc8 15. Rac1 Qe7 16. b4 Nxc3 17. Rxc3 Bxc4 18. Bxc4
dxc4 19. Rxc4 b5 20. Rc2 Nb6 21. Rc5 Na4 22. Rc2 Nb6 $11 {1/2-1/2 Lautier,
J-Sveshnikov,E/Keres mem rap rapid 2002}) 9. Ne5 ({In my opinion,white has
more chanses to get advantage after:} 9. Bd2 Nd7 10. Rb1 {[%cal Gb2b4] For
example:} Ndf6 11. b4 (11. c5 $5 Bc7 12. b4 $14 {[%cal Ga2a4,Gb4b5,Gd2e1]})
11... Nxc3 12. Bxc3 dxc4 13. Bxc4 Nd5 14. Bxd5 (14. Bd2 $5 b6 15. Qb3 Bb7 16.
a4 $14 {[%cal Ga4a5]}) 14... cxd5 15. b5 Bd7 16. Qd2 $14 {[%csl Gb5,Rd7,Re5]
[%cal Gc3b4,Gf3e5] 1/2-1/2 Savchenko,S-Sveshnikov,E/Bled op 1995}) 9... Nd7 10.
Bxe4 $146 {Black was ready to play 10...Ndf6-that is the reason for an
exchange.The knight is more useful piece in close positions,so white has
decided to take with the bishop.} (10. Bd2 Ndf6 (10... Nxd2 11. Qxd2 Nxe5 12.
fxe5 Be7 $11 {[%cal Gc8d7]}) 11. Nxe4 (11. Be1 $142 {[%cal Ge1h4]}) 11... Nxe4
12. Be1 Bd7 $11 {0-1 Sigurdsen,S-Ekenberg,B/Saltsjobaden tt 1948}) 10... fxe4
11. b3 (11. Bd2 Nxe5 12. fxe5 Rxf1+ 13. Qxf1 Be7 $11 {[%cal Gc8d7,Gd8f8]})
11... Nxe5 12. fxe5 Rxf1+ 13. Qxf1 Bb4 $5 {Black is ready to change his dark
squared bishop.} (13... Be7 14. Bd2 (14. a4 {[%cal Gc1a3]} Bb4) 14... Bd7 15.
c5 b6 16. b4 Qc7 $11 {[%cal Ga8f8]}) 14. Ne2 (14. Bd2 Bxc3 15. Bxc3 b6 16. Qf4
Ba6 17. Rf1 Qe7 $11) 14... b5 $6 {That decision looks dubious.White gets an
additional targets on the queen side.} ({Better was} 14... Bd7 15. c5 Qg5 {
[%cal Ga8f8,Gb4a5,Ga5c7] and black is at least not worse.}) 15. c5 Ba5 16. Nf4
Bd7 17. Qe2 $6 {Too slowly. White should use some disorganization of black's
pieces,especially of Ba5.} (17. a4 $142 $1 Rb8 (17... a6 18. Qe2 Bc7 19. Bd2
$14 {[%cal Ge2g4,Gd2e1]}) 18. axb5 Rxb5 19. Qd1 {and black has some
problems-white just wants to improve his position by h3,Kh2 and Bd2.}) 17...
Bc7 18. Bd2 a5 {Just in time! Now white has no play on the queen side.} 19. Rf1
Qe7 20. Qg4 Rf8 21. a3 Bd8 $11 {[%cal Ge7g5,Gf8f5] Black has no invisible
weaknesses.He is ready to activate his pieces,so the exchanges are not
preventable.} 22. h3 Rf5 23. Qe2 {[%cal Ge2e1] Trying to attack the only
black's weakness on a5.} (23. Be1 Qf8 24. Qe2 Bc8 $11) 23... Be8 ({possible
was the simple} 23... Bc7 24. Qe1 Qd8 {and white cannot make any progress.})
24. Qe1 g5 25. Ne2 Rxf1+ 26. Qxf1 (26. Kxf1 Qc7 27. h4 gxh4 28. Nf4 Bf7 29. Qe2
Qe7 $11) 26... h6 27. Ng3 Bg6 28. Qe2 Qf7 29. Qe1 Qg7 {''??''That is probably
a mistake in the text,because now white can win a pawn by 30.Bxa5.On the other
hand,after the normal 30...Qc7(or Qa7) the draw is the only possible result of
a game.} 30. Qd1 Qf7 {[%mdl 2064]} 1/2-1/2